Journey to America ; collected speeches, statements, press, radio, and TV interviews /

Bibliographic Details
Main Author: Adenauer, Konrad, 1876-1967
Format: Book
Language:English
Published: Washington : German Diplomatic Mission, 1953.
Subjects:

MARC

Tag First Indicator Second Indicator Subfields
LEADER 00000cam a2200000 4500
001 in00000068959
005 20151008050853.0
008 740822s1953 dcu 00000 eng u
010 |a a 53007066  
035 |a (OCoLC)00986873 
035 |9 AAG3942AM 
040 |c NYG  |d TXA  |d UtOrBLW 
049 |a TXAM  |c [220611] 
050 0 |a DD259.7.A3  |b A34 1953 
092 |a 327.43  |b A232j 
100 1 |a Adenauer, Konrad,  |d 1876-1967. 
245 1 0 |a Journey to America ;  |b collected speeches, statements, press, radio, and TV interviews /  |c by Konrad Adenauer, during his visit to the United States and Canada, April 6-18, 1953. 
264 1 |a Washington :  |b German Diplomatic Mission,  |c 1953. 
300 |a 192 pages :  |b illustrations ;  |c 21 cm. 
336 |a text  |b txt  |2 rdacontent 
337 |a unmediated  |b n  |2 rdamedia 
338 |a volume  |b nc  |2 rdacarrier 
651 0 |a Germany  |x Foreign relations  |z United States. 
651 0 |a United States  |x Foreign relations  |z Germany. 
999 |a MARS 
999 f f |s 47df5f48-11c2-3005-9e33-826b7fec2972  |i 7c4f2b0c-3c18-34b0-a119-adedbc9ced18  |t 0 
952 f f |p ric  |a Texas A&M University  |b Rellis Campus  |c Joint Library Facility  |d Remote Storage  |t 0  |e DD259.7.A3 A34 1953  |h Library of Congress classification  |i unmediated -- volume  |m A14800674995 
998 f f |a DD259.7.A3 A34 1953  |t 0  |l Remote Storage